000 00283nam a22001217a 4500
008 170426b xxu||||| |||| 00| 0 eng d
041 _aeng
080 _a547
100 _a12
101 _aSHM
245 _aBASIV PRINCIPLES OF ORGANIC CHEMISTRY
_cROBERTS.J.D
942 _2udc
_cBK
999 _c12127
_d12127